000 00467nam a2200193Ia 4500
005 20240823044234.0
008 240823s9999||||xx |||||||||||||| ||und||
020 _a978-81-8477-665-2
041 _aENGLISH
082 _A398.2065 Q1
100 _aAnupa Lal
245 0 _aIndian Folktales
250 _a1st
260 _c2011
_bScholastic India Privat
_aGurgaon
500 _aTRANSFERED
650 _aInidan Folktales
_bEnglish
942 _cBK
999 _c212096
_d212096